Efectes de l' anhídrid sulfurós en la fermentació del most / Joan Asens i Masdéu, ... [et al]. --
Publicado:
Barcelona :
Generalitat de Catalunya. Comissió Interdepartamental de Recerca i Innovació Tecnològica ,
1985
Descripción Física:
58 p. ; 21 cm
Colección:
Premis CIRIT a la Joventut
Otros Autores:
Asens i Masdéu, Joan
Materias:
Vinicultura
MARC
| LEADER | 00000nam a2200000Ia 4500 | ||
|---|---|---|---|
| 001 | 1497 | ||
| 008 | 160829s1985 xx 000 0 cat d | ||
| 080 | |a C-1-341 | ||
| 245 | |a Efectes de l' anhídrid sulfurós en la fermentació del most / Joan Asens i Masdéu, ... [et al]. -- | ||
| 260 | |a Barcelona : |b Generalitat de Catalunya. Comissió Interdepartamental de Recerca i Innovació Tecnològica, |c 1985 | ||
| 300 | |a 58 p. ; |c 21 cm | ||
| 490 | |a Premis CIRIT a la Joventut | ||
| 650 | 0 | |a Vinicultura |9 30930 | |
| 700 | |a Asens i Masdéu, Joan |9 20726 | ||
| 710 | 1 | |a Catalunya. |b Comissió Interdepartamental de Recerca i Innovació Tecnològica |9 54974 | |
| 901 | |a Arxiu | ||
| 942 | |n 1 | ||
| 952 | |0 0 |1 0 |4 0 |6 C1341 |7 1 |9 41642 |a Arxiu |b Arxiu |d 2016-12-01 |l 0 |o C-1-341 |p 1497 |r 2016-12-01 00:00:00 |w 2016-12-01 |y ARXIU | ||
| 999 | |c 43532 |d 43532 | ||